000 00392nam a22001451a 4500
082 _aH100 9
_bSUR/S
100 _aSuresh Chandra
245 _aSamakaleen moolya bodh aur samshay ki ek rath/
_cby Suresh Chandra
260 _aMathura:
_bJawahar Pustakalaya,
_c2002.
300 _a152p.
650 _aPoetry Hindi Criticism
650 _aLiterature Hindi
650 _aLiterature
942 _cBK
999 _c39568
_d39568